| 000 | 00578nam a22001937a 4500 | ||
|---|---|---|---|
| 003 | Ost | ||
| 005 | 20250402102122.0 | ||
| 008 | 250402b |||||||| |||| 00| 0 eng d | ||
| 020 | _a978150308387 | ||
| 040 | _cBT-PhCST | ||
| 050 | _a4629 | ||
| 082 |
_222 _a294.3444 _bHAN |
||
| 100 | _aNanh, Thich Nhat. | ||
| 245 |
_aYou are here : _bdiscovering the magic of the present moment / |
||
| 260 |
_aUnited States of America, _bShambhala Publications, Inc. _cc2001 |
||
| 300 |
_axiii, 143 p. : _bill. ; _c20 cm. |
||
| 500 | _aIncludes epilogue and practice centers. | ||
| 942 |
_2ddc _cF |
||
| 999 |
_c9964 _d9964 |
||